Tiere mit "O" aufzählen - Statistiken

Allgemein
  • Dieses Quiz wurde 297 mal gespielt
  • Das Durchschnittsergebnis liegt bei 6 aus 14
Antwortstatistiken
Tier mit O % Korrekt
Otter
90%
Ochse
70%
Ozelot
59%
Orang - Utan
50%
Okapi
47%
Ohrenkneifer
46%
Orca
41%
Opossum
39%
Olm
35%
Oktopus
34%
Ochsenfrosch
32%
Obstfliege
20%
Onager
14%
Ochsenauge
8%
Keine übereinstimmenden Quizze gefunden
Verteilung der Resultate
Anzahl Personen mit jedem Resultat
Perzentil nach korrekt beantworteten Fragen
Ihre Resultats-Entwicklung
Sie haben dieses Quiz noch nicht gespielt